| 000 | 00741nam a2200265Ia 4500 | ||
|---|---|---|---|
| 003 | OSt | ||
| 005 | 20221007112817.0 | ||
| 006 | a|||||r|||| 00| 0 | ||
| 007 | ta | ||
| 008 | 221006b |||||||| |||| 00| 0 eng d | ||
| 024 | _a29,424 | ||
| 037 | _cTextual | ||
| 040 |
_aLCO _cLCO _beng |
||
| 041 |
_2eng _aeng |
||
| 082 | _aZ, Q1 | ||
| 100 |
_aKashyap Shaunak C. _9708825 |
||
| 245 | 0 | _aAnti- Defection Law and Parliamentary Privileges | |
| 250 | _a3rd | ||
| 260 |
_aNew _bDelhi Universal Law Publishing co. India _c2011 |
||
| 300 | _a1192 | ||
| 650 |
_aANTI-DEFECTION LAW _9708826 |
||
| 700 |
_a Sorabjee Soli J. _9422159 |
||
| 942 |
_hZ, Q1 _cTEXL |
||
| 999 |
_c1198987 _d1198987 |
||